Teoría del texto e interpretación de textos /
Na minha lista:
| Autor principal: | |
|---|---|
| Formato: | Desconhecido |
| Idioma: | Spanish |
| Publicado em: |
México:
Universidad Nacional Autónoma de México,
c1986
|
| Edição: | 1 edición |
| Colecção: | Cuadernos del Seminario de Poética ;
8 |
| Assuntos: | |
| Tags: |
Adicionar Tag
Sem tags, seja o primeiro a adicionar uma tag!
|
MARC
| LEADER | 000000000a22000000004500 | ||
|---|---|---|---|
| 001 | 000823 | ||
| 008 | 150206s1986 m |r|||| 000 0 spa d | ||
| 020 | |a 968837458X | ||
| 041 | 0 | |a Español | |
| 082 | |a 808.001.49 |b M636t | ||
| 100 | 1 | |a Mignolo, Walter | |
| 245 | 1 | 0 | |a Teoría del texto e interpretación de textos / |c Walter Mignolo |
| 250 | |a 1 edición | ||
| 260 | |a México: |b Universidad Nacional Autónoma de México, |c c1986 | ||
| 300 | |a 298 páginas | ||
| 490 | 1 | |a Cuadernos del Seminario de Poética ; |v 8 | |
| 650 | 4 | |a ANALISIS DEL DISCURSO | |
| 650 | 4 | |a LITERATURA |x FILOSOFIA | |
| 650 | 4 | |a SEMIOTICA Y LITERATURA | |
| 942 | |2 ddc |c BK | ||
| 999 | |c 1597 |d 1597 | ||



